Ecology, Environmental Science and Conservation (Record no. 527717)

MARC details
000 -LEADER
fixed length control field 00904nam a2200217Ia 4500
008 - FIXED-LENGTH DATA ELEMENTS--GENERAL INFORMATION
fixed length control field 240822s9999 xx 000 0 und d
020 ## - INTERNATIONAL STANDARD BOOK NUMBER
ISBN 9789383746002
Paper back/Hardbound pbk
041 ## - LANGUAGE CODE
Language code of text/sound track or separate title eng
082 ## - DEWEY DECIMAL CLASSIFICATION NUMBER
Classification number 577
Item number SIN
100 ## - MAIN ENTRY--AUTHOR NAME
Personal name Singh
245 #0 - TITLE STATEMENT
Title Ecology, Environmental Science and Conservation
Statement of responsibility, etc Singh
250 ## - EDITION STATEMENT
Edition statement 1st ed
260 ## - PUBLICATION, DISTRIBUTION, ETC. (IMPRINT)
Name of publisher S. Chand Publishing
Year of publication 2023
Place of publication New delhi
300 ## - PHYSICAL DESCRIPTION
Number of Pages xiv, 929 p. :
Other physical details ill.;
Dimensions 23 cm
504 ## - BIBLIOGRAPHY, ETC. NOTE
Bibliography, etc Includes index
520 ## - SUMMARY, ETC.
Summary, etc Over the years, the scope of our scientific understanding and technical skills in ecology and environmental science have widened significantly, with increasingly greater emphasis on societal issues. In this book, an attempt has been made to give basic concepts of ecology environmental science and various aspects of natural resource conservation.
650 ## - SUBJECT ADDED ENTRY--TOPICAL TERM
Topical Term Environmental Education
700 ## - ADDED ENTRY--PERSONAL NAME
Personal name Singh
942 ## - ADDED ENTRY ELEMENTS (KOHA)
Koha item type English Books
Holdings
Withdrawn status Lost status Damaged status Not for loan Home library Current library Shelving location Date acquired Cost, normal purchase price Full call number Accession Number Price effective from Koha item type
        Anna Centenary Library Anna Centenary Library 5TH FLOOR, A WING 20.06.2024 825.00 577 SIN 692900 22.08.2024 English Books
        Anna Centenary Library Anna Centenary Library 5TH FLOOR, A WING 20.06.2024 825.00 577 SIN ;1 692901 22.08.2024 English Books

Find us on the map